| 000 | 00770am a2200277a 44500 | ||
|---|---|---|---|
| 005 | 20160718112408.0 | ||
| 008 | 150626b xxu||||| |||| 00| 0 spa d | ||
| 041 | _aEspañol | ||
| 082 |
_a004.67 _bP346a |
||
| 100 |
_aPayne, Chris _912069 |
||
| 245 | _aAprendiendo ASP.NET en 21 días: lecciones avanzadas | ||
| 260 |
_aMéxico _bPearson Educacion _c2002 |
||
| 300 | _a1016 páginas | ||
| 650 |
_aREDES _92058 |
||
| 650 |
_aACTIVE SERVER PAGES.NET _95628 |
||
| 650 |
_aASP.NET _99114 |
||
| 650 |
_aXML _96653 |
||
| 650 |
_aPAGINAS WEB _95529 |
||
| 650 |
_aVISUAL BASIC.NET _99600 |
||
| 650 |
_aFORMULARIOS WEB _912070 |
||
| 650 |
_aBASES DE DATOS _9907 |
||
| 650 |
_aADO.NET _910730 |
||
| 650 |
_aSERVIDOR WEB _99601 |
||
| 650 |
_aSEGURIDAD _9395 |
||
| 942 | _cBK | ||
| 999 |
_c1511 _d1511 |
||